000 02847nam0a2200481 4500
001 RU\NLR\BIBL_A\012339228
005 20260406160827.0
010 _a978-5-4386-1857-7
_9300
021 _aRU
_b2020-664и
_9АЛ-П-125
035 _a(NLR Aleph) 012339228
090 _a11512354
_c11512354
100 _a20200917d2019 k y0rusy50 ca
101 0 _arus
_aeng
102 _aRU
105 _aac z 000zy
181 0 _ai
_baxxe
182 0 _an
200 1 _aИрина Грецкая. Юрий Грецкий
_dIrina Gretskaya. Yury Gretsky
_eЗаслуженные художники России
_dживопись, графика, объект
_e[монография]
_fАбрам Раскин, Людмила Митрохина
_gСанкт-Петербургский Союх художников России, Ассоциация искусствоведов (АИС), Общероссийская общественная организация историков искусства и художественных критиков
_zeng
203 _aТекст
_bвизуальный
_cнепосредственный
210 _aСанкт-Петербург
_cСвое изд-во
_d2019
215 _a327 с.
_cил., цв. ил., портр.
_d28
300 _aНа обороте тит. л. в макете загл.: Ирина и Юрий Грецкие
300 _aАвт. также на англ. яз.: Abram Raskin, Ludmila Mitrokhina
300 _aНа 6-й с. 1-й авт.: Раскин А. Г., Заслуж. деят. искусств Рос. Федерации
300 _aЧасть текста парал. рус., англ.
510 1 _6z20790
_aIrina Gretskaya. Yury Gretsky
_zeng
517 1 _aИрина и Юрий Грецкие
600 1 _aГрецкая
_bИ. Л.
_f1941
_gИрина Львовна
_92502762
_3RU\NLR\AUTH\661484255
600 1 _aГрецкий
_bЮ. С.
_f1944
_gЮрий Семенович
_92502761
_3RU\NLR\AUTH\661484254
686 1 _aЩ143(2Р=Рус)7-8Грецкая
686 1 _aЩ143(2Р=Рус)7-8Грецкий
700 1 _7ca
_8rus
_aРаскин
_bА. Г.
_f1924-2023
_gАбрам Григорьевич
_3RU\NLR\AUTH\778448
_9118354
701 1 _7ca
_8rus
_aМитрохина
_bЛ. Н.
_f1945-
_gЛюдмила Николаевна
_9192704
_3RU\NLR\AUTH\770192755
702 1 _aГрецкая
_bИ. Л.
_f1941-
_gИрина Львовна
_4280
702 1 _aГрецкий
_bЮ. С.
_f1944-
_gЮрий Семенович
_4280
790 1 _7ba
_8rus
_aRaskin
_bA. G.
_f1924-2023
_gAbram Grigor'evič
_3RU\NLR\AUTH\7745277
_928215
790 1 _7ba
_8rus
_aMitrochina
_bL. N.
_f1945-
_gLjudmila Nikolaevna
_9221089
_3RU\NLR\AUTH\770221145
942 _cBOOK
980 _aNBR
980 _aNB